[Event "HUN-chT 2324"]
[Site "Hungary"]
[Date "2023.10.28"]
[Round "1.3"]
[White "Prohaszka, Peter"]
[Black "Pap, Gyula"]
[Result "1/2-1/2"]
[WhiteElo "2578"]
[BlackElo "2444"]
[PlyCount "60"]
[EventDate "2023.10.28"]
[EventType "team-tourn"]
[EventRounds "9"]
[EventCountry "HUN"]
[SourceTitle "Mega2024 Update 01"]
[Source "Chessbase"]
[SourceDate "2023.11.12"]
[SourceVersion "1"]
[SourceVersionDate "2023.11.12"]
[SourceQuality "1"]
[WhiteTeam "Ajka Sentimento"]
[BlackTeam "Kobanya Aquarena"]
[WhiteTeamCountry "HUN"]
[BlackTeamCountry "HUN"]

1. d4 d5 2. c4 e6 3. Nc3 Nf6 4. cxd5 exd5 5. Bg5 c6 6. e3 Bd6 7. Bd3 0-0 8. Nge2 Re8 9. Qc2 h6 10. Bh4 a5 11. h3 Na6 12. a3 Nc7 13. 0-0 Ne6 14. f3 Ng5 15. f4 Ne6 16. Kh1 Be7 17. Rab1 Nc7 18. Bf2 Bd7 19. Na4 Na6 20. Ng3 Bf8 21. Nc3 Nc7 22. Rbe1 Rc8 23. Na4 Nb5 24. e4 dxe4 25. Nxe4 Nxe4 26. Bxe4 Nd6 27. Bh7+ Kh8 28. Bd3 Rxe1 29. Rxe1 Be6 30. f5 Bd5 1/2-1/2

[Event "Arco op 45th"]
[Site "Arco"]
[Date "2023.10.11"]
[Round "5"]
[White "Lortkipanidze, Nodar"]
[Black "Pap, Gyula"]
[Result "0-1"]
[WhiteElo "2392"]
[BlackElo "2444"]
[PlyCount "66"]
[EventDate "2023.10.07"]
[EventType "swiss"]
[EventRounds "9"]
[EventCountry "ITA"]
[SourceTitle "Mega2024 Update 01"]
[Source "Chessbase"]
[SourceDate "2023.11.12"]
[SourceVersion "1"]
[SourceVersionDate "2023.11.12"]
[SourceQuality "1"]

1. e4 e5 2. Nf3 Nc6 3. d4 exd4 4. Nxd4 Bc5 5. Nb3 Be7 6. Nc3 Nf6 7. Be2 Bb4 8. 0-0 Bxc3 9. bxc3 0-0 10. Bd3 d5 11. exd5 Qxd5 12. c4 Qd6 13. c5 Qd8 14. Bb2 Nb4 15. Qf3 Nxd3 16. cxd3 a5 17. Rfe1 a4 18. Nd2 Ra6 19. Qg3 Nh5 20. Qe5 Qxd3 21. Nf3 Qf5 22. Qxc7 Nf4 23. Be5 Rc6 24. Qb8 Nxg2 25. Kxg2 Qh5 26. Kg1 Bh3 27. Qxf8+ Kxf8 28. Re3 Re6 29. Rae1 Kg8 30. Kh1 f6 31. Ng1 Rxe5 32. Rxh3 Qxh3 33. Rxe5 Qd7 0-1

[Event "Isola del Sole op"]
[Site "Grado"]
[Date "2023.09.25"]
[Round "4"]
[White "Pap, Gyula"]
[Black "Valkova, Angelika"]
[Result "1/2-1/2"]
[WhiteElo "2432"]
[BlackElo "2048"]
[PlyCount "57"]
[EventDate "2023.09.23"]
[EventType "swiss"]
[EventRounds "9"]
[EventCountry "ITA"]
[SourceTitle "EXT 2024"]
[Source "ChessBase"]
[SourceDate "2023.10.10"]
[SourceVersion "1"]
[SourceVersionDate "2023.10.10"]
[SourceQuality "1"]

1. e4 d5 2. exd5 Qxd5 3. Nc3 Qa5 4. d4 Nf6 5. Nf3 Bf5 6. Bd2 e6 7. Be2 Bb4 8. Nh4 Ne4 9. Nxf5 exf5 10. Nxe4 fxe4 11. c3 Bd6 12. Qb3 Qb6 13. f3 Qxb3 14. axb3 exf3 15. Bxf3 c6 16. Kf2 0-0 17. Rhe1 Nd7 18. b4 a6 19. g3 Rfe8 20. Rxe8+ Rxe8 21. Re1 Rxe1 22. Kxe1 f5 23. Ke2 Kf7 24. Kd3 Nf6 25. c4 Ke6 26. b3 h5 27. Bg5 Bxb4 28. Bxf6 Kxf6 29. Bxh5 1/2-1/2

[Event "Isola del Sole op"]
[Site "Grado"]
[Date "2023.09.24"]
[Round "3"]
[White "Hercegovac, Neven"]
[Black "Pap, Gyula"]
[Result "1/2-1/2"]
[WhiteElo "2207"]
[BlackElo "2432"]
[PlyCount "48"]
[EventDate "2023.09.23"]
[EventType "swiss"]
[EventRounds "9"]
[EventCountry "ITA"]
[SourceTitle "EXT 2024"]
[Source "ChessBase"]
[SourceDate "2023.10.10"]
[SourceVersion "1"]
[SourceVersionDate "2023.10.10"]
[SourceQuality "1"]

1. e4 e5 2. Nf3 Nc6 3. Bc4 Bc5 4. c3 Nf6 5. d4 exd4 6. e5 d5 7. Bb5 Ne4 8. cxd4 Bb6 9. Nc3 0-0 10. Be3 Bg4 11. h3 Bf5 12. 0-0 Na5 13. Rc1 Nc4 14. Bxc4 Nxc3 15. Rxc3 dxc4 16. Rxc4 Qd5 17. b3 a5 18. a4 Rad8 19. Qe2 h6 20. Rd1 Rfe8 21. Rd2 Bd7 22. Ne1 Bc6 23. Qg4 Re6 24. Nd3 Rg6 1/2-1/2

[Event "Budapest SixDays 09 IM-B"]
[Site "Budapest"]
[Date "2023.09.18"]
[Round "1"]
[White "Pap, Gyula"]
[Black "Besou, Hussain"]
[Result "1-0"]
[WhiteElo "2432"]
[BlackElo "2353"]
[PlyCount "123"]
[EventDate "2023.09.18"]
[EventType "tourn"]
[EventRounds "9"]
[EventCountry "HUN"]
[SourceTitle "EXT 2024"]
[Source "ChessBase"]
[SourceDate "2023.10.10"]
[SourceVersion "1"]
[SourceVersionDate "2023.10.10"]
[SourceQuality "1"]

1. e4 c6 2. d4 d5 3. exd5 cxd5 4. Bd3 Nc6 5. c3 Nf6 6. h3 g6 7. Nf3 Bg7 8. 0-0 0-0 9. Bf4 Ne4 10. Nbd2 Bf5 11. Be2 Rc8 12. Re1 Na5 13. Nxe4 Bxe4 14. Nd2 Bf5 15. Qa4 Bd7 16. Qb4 e6 17. Nb3 Nc4 18. Qxb7 Bc6 19. Qxa7 Nxb2 20. Qa6 Nc4 21. Nc5 e5 22. Bxc4 exf4 23. Be2 Qf6 24. a4 Ra8 25. Qd3 Ra5 26. Reb1 Qe7 27. Bf3 Rfa8 28. Qc2 Qc7 29. Qb3 Bf8 30. Qb6 Qxb6 31. Rxb6 Rc8 32. Ra6 Rxa6 33. Nxa6 Bb7 34. Nc5 Bxc5 35. dxc5 Rxc5 36. Be2 Rxc3 37. a5 Rc7 38. Rb1 Kg7 39. Rb6 Ba8 40. Bf3 Rc6 41. Rb5 Ra6 42. Bxd5 Bxd5 43. Rxd5 Kf6 44. Rb5 Ke6 45. Kf1 Kd6 46. Rb7 Ke6 47. Rb6+ Rxb6 48. axb6 Kd6 49. Ke2 Kc6 50. Kf3 Kxb6 51. Kxf4 f6 52. g4 Kc5 53. g5 Kd6 54. gxf6 Ke6 55. Kg5 Kf7 56. h4 Ke6 57. f3 Kf7 58. Kh6 Kg8 59. f7+ Kf8 60. Kxh7 Kxf7 61. f4 Kf6 62. Kg8 1-0

[Event "Budapest SixDays 09 GM"]
[Site "Budapest"]
[Date "2023.09.14"]
[Round "5"]
[White "Pap, Gyula"]
[Black "Ilincic, Zlatko"]
[Result "1/2-1/2"]
[WhiteElo "2432"]
[BlackElo "2289"]
[PlyCount "29"]
[EventDate "2023.09.12"]
[EventType "tourn"]
[EventRounds "9"]
[EventCountry "HUN"]
[EventCategory "6"]
[SourceTitle "EXT 2024"]
[Source "ChessBase"]
[SourceDate "2023.10.10"]
[SourceVersion "1"]
[SourceVersionDate "2023.10.10"]
[SourceQuality "1"]

1. e4 e5 2. Nc3 Nc6 3. Nf3 Nf6 4. a3 d6 5. d4 Be7 6. Bb5 Bd7 7. 0-0 0-0 8. dxe5 dxe5 9. h3 a6 10. Bc4 h6 11. Be3 Bd6 12. Re1 b5 13. Ba2 Rb8 14. Qd3 Ne7 15. Nh4 1/2-1/2

[Event "Wuerttemberg IMT"]
[Site "Lichtenstein"]
[Date "2023.09.10"]
[Round "9"]
[White "Solodovnichenko, Yuri"]
[Black "Pap, Gyula"]
[Result "1/2-1/2"]
[WhiteElo "2496"]
[BlackElo "2432"]
[PlyCount "93"]
[EventDate "2023.09.02"]
[EventType "tourn"]
[EventRounds "9"]
[EventCountry "GER"]
[EventCategory "6"]
[SourceTitle "EXT 2024"]
[Source "ChessBase"]
[SourceDate "2023.10.10"]
[SourceVersion "1"]
[SourceVersionDate "2023.10.10"]
[SourceQuality "1"]

1. e4 e5 2. Nf3 Nc6 3. Nc3 Nf6 4. Bb5 Bd6 5. d3 h6 6. a3 a6 7. Ba4 Bc5 8. Bxc6 dxc6 9. Be3 Bd6 10. h3 c5 11. Qd2 Be6 12. g4 Qd7 13. Nh4 h5 14. Nf5 Bf8 15. 0-0-0 hxg4 16. hxg4 Rxh1 17. Rxh1 Nxg4 18. Bxc5 Bxc5 19. Rh8+ Bf8 20. Nxg7+ Ke7 21. Qg5+ Kd6 22. Nf5+ Bxf5 23. Rxf8 Rxf8 24. exf5 Qc6 25. Ne4+ Kd7 26. Qxg4 f6 27. Qg7+ Ke8 28. b4 b6 29. Kb2 Rf7 30. Qg6 Kf8 31. Ng5 Re7 32. Nh7+ Rxh7 33. Qxh7 Qd6 34. Qh8+ Kf7 35. Qc8 b5 36. Qb7 Ke7 37. Kb3 Kd8 38. Qe4 c6 39. Kc3 a5 40. f4 axb4+ 41. axb4 exf4 42. Qd4 Kc7 43. Qa7+ Kd8 44. Qa8+ Kc7 45. Qa7+ Kd8 46. Qd4 Kc7 47. Qa7+ 1/2-1/2

[Event "Prague Summer op-A 10th"]
[Site "Prague"]
[Date "2023.08.07"]
[Round "5"]
[White "Pap, Gyula"]
[Black "Priehoda, Vitezslav"]
[Result "1-0"]
[WhiteElo "2429"]
[BlackElo "2254"]
[PlyCount "61"]
[EventDate "2023.08.04"]
[EventType "swiss"]
[EventRounds "9"]
[EventCountry "CZE"]
[SourceTitle "CBM 215 Extra"]
[Source "ChessBase"]
[SourceDate "2023.09.30"]
[SourceVersion "1"]
[SourceVersionDate "2023.09.30"]
[SourceQuality "1"]

1. e4 c5 2. Nc3 Nc6 3. Nf3 e6 4. Bb5 Nge7 5. d4 cxd4 6. Nxd4 Nxd4 7. Qxd4 a6 8. Be2 Nc6 9. Qe3 Be7 10. Qg3 0-0 11. Bf4 d6 12. h4 Qc7 13. 0-0-0 Rd8 14. h5 Kf8 15. Rd2 b5 16. a3 Bb7 17. Rhd1 Ne5 18. Kb1 Bc6 19. Rxd6 Bxd6 20. Rxd6 Qxd6 21. Bxe5 Qe7 22. Qxg7+ Ke8 23. Bf6 Qf8 24. Qxh7 Rdb8 25. h6 Kd7 26. Bg4 Kd6 27. Bf3 Qg8 28. e5+ Kc7 29. Qd3 Rd8 30. h7 Qe8 31. Bxc6 1-0

[Event "Prague Summer op-A 10th"]
[Site "Prague"]
[Date "2023.08.05"]
[Round "2"]
[White "Hajiyev, Kanan"]
[Black "Pap, Gyula"]
[Result "0-1"]
[WhiteElo "2109"]
[BlackElo "2429"]
[PlyCount "66"]
[EventDate "2023.08.04"]
[EventType "swiss"]
[EventRounds "9"]
[EventCountry "CZE"]
[SourceTitle "CBM 215 Extra"]
[Source "ChessBase"]
[SourceDate "2023.09.30"]
[SourceVersion "1"]
[SourceVersionDate "2023.09.30"]
[SourceQuality "1"]

1. d4 d5 2. Nf3 Nf6 3. c4 e6 4. cxd5 exd5 5. Nc3 Bb4 6. Bg5 Nbd7 7. e3 c5 8. Bd3 Qa5 9. 0-0 c4 10. Bf5 Bxc3 11. bxc3 0-0 12. Qc2 Re8 13. Nd2 Ne4 14. Bxe4 dxe4 15. Bh4 Nb6 16. Nxe4 Bf5 17. f3 Qd5 18. Qf2 Bxe4 19. fxe4 Rxe4 20. Rab1 Qd7 21. Rb5 Nd5 22. Rc5 b6 23. Rxc4 Rae8 24. Bg3 Rxe3 25. Qb2 Re2 26. Qb3 Rxg2+ 27. Kxg2 Ne3+ 28. Kg1 Qd5 29. Rf2 Nxc4 30. Qd1 Re6 31. Qd3 Re1+ 32. Rf1 Ne3 33. Qxh7+ Kxh7 0-1

[Event "Titled Tuesday intern op 04th Jul Early"]
[Site "Chess.com INT"]
[Date "2023.07.04"]
[Round "11"]
[White "Khismatullin, Denis Rimovich"]
[Black "Pap, Gyula"]
[Result "1-0"]
[WhiteElo "2579"]
[BlackElo "2429"]
[PlyCount "125"]
[EventDate "2023.07.04"]
[EventType "swiss (blitz)"]
[EventRounds "11"]
[EventCountry "USA"]
[SourceTitle "EXT 2024"]
[Source "ChessBase"]
[SourceDate "2023.10.10"]
[SourceVersion "1"]
[SourceVersionDate "2023.10.10"]
[SourceQuality "1"]

1. Nf3 d5 2. g3 Nd7 3. d4 Ngf6 4. Bg2 e6 5. 0-0 Be7 6. b3 0-0 7. c4 dxc4 8. bxc4 c5 9. d5 Nb6 10. Nc3 exd5 11. cxd5 Nfxd5 12. Nxd5 Nxd5 13. Bb2 Be6 14. a3 Bf6 15. Ne5 Rb8 16. Qc2 Qc7 17. Qe4 Nb6 18. Rac1 Bd5 19. Qf5 Bxg2 20. Kxg2 Rfe8 21. f4 Na4 22. Ba1 b5 23. Rfd1 Rbd8 24. e4 c4 25. g4 c3 26. Nd7 Qc6 27. Kf3 a5 28. Rd5 b4 29. g5 Be7 30. Qxf7+ Kxf7 31. Ne5+ Kf8 32. Nxc6 Rxd5 33. exd5 Bc5 34. Ne5 Rd8 35. Ke4 Bd6 36. Kd4 Nc5 37. Kc4 Rb8 38. Nc6 Rb7 39. axb4 axb4 40. f5 Nd7 41. Rb1 Nb6+ 42. Kb3 Nxd5 43. Na5 Rb5 44. Nc4 Be7 45. h4 Rc5 46. Re1 Rc6 47. Ne5 Ra6 48. Nd7+ Ke8 49. Ne5 Ra3+ 50. Kc4 Nb6+ 51. Kb5 Nd5 52. Kc4 Nc7 53. Nc6 Kd7 54. Nxe7 Ra2 55. f6 gxf6 56. gxf6 Ne8 57. Nd5 Nd6+ 58. Kxb4 c2 59. Kb3 Ra6 60. Kxc2 Rc6+ 61. Kd3 Ra6 62. Re7+ Kc6 63. Nb4+ 1-0

[Event "Titled Tuesday intern op 04th Jul Early"]
[Site "Chess.com INT"]
[Date "2023.07.04"]
[Round "5"]
[White "Pap, Gyula"]
[Black "Ahmad, Khagan"]
[Result "0-1"]
[WhiteElo "2429"]
[BlackElo "2340"]
[PlyCount "132"]
[EventDate "2023.07.04"]
[EventType "swiss (blitz)"]
[EventRounds "11"]
[EventCountry "USA"]
[SourceTitle "EXT 2024"]
[Source "ChessBase"]
[SourceDate "2023.10.10"]
[SourceVersion "1"]
[SourceVersionDate "2023.10.10"]
[SourceQuality "1"]

1. d4 Nf6 2. c4 e6 3. Nc3 Bb4 4. Qb3 c5 5. dxc5 Bxc5 6. Nf3 0-0 7. Bg5 Nc6 8. e3 h6 9. Bh4 Be7 10. Be2 d5 11. cxd5 Nxd5 12. Bxe7 Ncxe7 13. Nxd5 Nxd5 14. 0-0 b6 15. Rfd1 Qe7 16. Ne5 Bb7 17. Bf3 Rfd8 18. a4 Qf6 19. Nc4 Rac8 20. a5 Ba6 21. Rd4 Bxc4 22. Rxc4 Rxc4 23. Qxc4 Qxb2 24. Qf1 b5 25. Rb1 Qd2 26. Rxb5 Nc3 27. Rb7 a6 28. Qxa6 Na4 29. Rb1 Nc5 30. Qb6 Na4 31. Qb4 Nc3 32. a6 Nxb1 33. Qxb1 Qa5 34. Be2 Ra8 35. Qb7 Rd8 36. a7 Rd1+ 37. Bf1 Ra1 38. Qc8+ Kh7 39. Qc2+ g6 40. g3 Qxa7 41. Qe2 Qa8 42. h4 h5 43. Kh2 Ra2 44. Qe1 Qf3 45. Kg1 Kg7 46. Bg2 Qe2 47. Qc3+ Kh7 48. Qf6 Kg8 49. Qd8+ Kg7 50. Qd4+ Kh7 51. Qf6 Qe1+ 52. Bf1 Ra7 53. Kg2 Qa5 54. Be2 Qf5 55. Qb2 Rd7 56. Bf3 Qd3 57. Bc6 Rc7 58. Bf3 Qf5 59. Qe2 e5 60. Bd5 Qf6 61. Be4 Kg7 62. Qd3 Ra7 63. Qc4 Ra1 64. Bc2 Rc1 65. Qd3 Qc6+ 66. Qe4 Rxc2 0-1

[Event "Titled Tuesday intern op 04th Jul Early"]
[Site "Chess.com INT"]
[Date "2023.07.04"]
[Round "8"]
[White "Velikanov, Alexander"]
[Black "Pap, Gyula"]
[Result "0-1"]
[WhiteElo "2339"]
[BlackElo "2429"]
[PlyCount "68"]
[EventDate "2023.07.04"]
[EventType "swiss (blitz)"]
[EventRounds "11"]
[EventCountry "USA"]
[SourceTitle "EXT 2024"]
[Source "ChessBase"]
[SourceDate "2023.10.10"]
[SourceVersion "1"]
[SourceVersionDate "2023.10.10"]
[SourceQuality "1"]

1. e4 e5 2. Nf3 Nc6 3. Bb5 a6 4. Ba4 Nge7 5. 0-0 Ng6 6. Nc3 Bc5 7. d3 0-0 8. Be3 Nd4 9. Ne2 Nxf3+ 10. gxf3 d6 11. Kh1 Qf6 12. Ng3 Nh4 13. f4 exf4 14. Nh5 Qxb2 15. Nxf4 Qe5 16. Rg1 Ng6 17. Nxg6 fxg6 18. Bb3+ Kh8 19. f4 Qe7 20. Qd2 Be6 21. Rg5 Rae8 22. Rag1 Qf6 23. Bxc5 dxc5 24. Rxc5 c6 25. Rf1 Bh3 26. Re1 Qxf4 27. Qxf4 Rxf4 28. Rg5 Bg4 29. Kg2 h6 30. Rc5 Ref8 31. Kg3 Rf3+ 32. Kg2 Bh3+ 33. Kg1 Rf1+ 34. Rxf1 Rxf1# 0-1

[Event "Titled Tuesday intern op 27th Jun Early"]
[Site "Chess.com INT"]
[Date "2023.06.27"]
[Round "6"]
[White "Droin, Augustin"]
[Black "Pap, Gyula"]
[Result "0-1"]
[WhiteElo "2452"]
[BlackElo "2429"]
[PlyCount "118"]
[EventDate "2023.06.27"]
[EventType "swiss (blitz)"]
[EventRounds "11"]
[EventCountry "USA"]
[SourceTitle "EXT 2024"]
[Source "ChessBase"]
[SourceDate "2023.10.10"]
[SourceVersion "1"]
[SourceVersionDate "2023.10.10"]
[SourceQuality "1"]

1. e4 e5 2. Nf3 Nc6 3. Bb5 a6 4. Ba4 Nge7 5. 0-0 Ng6 6. c3 d5 7. d4 dxe4 8. Bxc6+ bxc6 9. Nxe5 Nxe5 10. dxe5 Qxd1 11. Rxd1 Bc5 12. Be3 Bxe3 13. fxe3 Rb8 14. b3 Rb5 15. Nd2 Rxe5 16. Nc4 Rd5 17. Rd4 f5 18. Rad1 Be6 19. Nb2 Ke7 20. c4 Ra5 21. Na4 Rxa4 22. bxa4 c5 23. R4d2 Rb8 24. Kf2 Rb4 25. Rc1 g5 26. a3 Rxa4 27. Rc3 Bxc4 28. Rb2 Kd6 29. Rb8 Be6 30. Rd8+ Ke7 31. Rh8 c4 32. Rxh7+ Kd6 33. Rg7 g4 34. h4 gxh3 35. gxh3 Ra5 36. h4 f4 37. exf4 Rh5 38. Kg3 c6 39. Rg5 Rh7 40. h5 Bd5 41. Kf2 Rb7 42. h6 Rb2+ 43. Kg3 Rb1 44. Rh5 Rg1+ 45. Kf2 Rg8 46. h7 Rh8 47. Rg3 Kc5 48. Rg8 Rxh7 49. Rxh7 Bxg8 50. Re7 Kd4 51. f5 c3 52. Ke1 e3 53. Kd1 Kd3 54. f6 c2+ 55. Kc1 e2 56. a4 a5 57. Re5 Bd5 58. Re8 Be4 59. Rd8+ Ke3 0-1

[Event "Titled Tuesday intern op 20th Jun Early"]
[Site "Chess.com INT"]
[Date "2023.06.20"]
[Round "3"]
[White "Druska, Juraj"]
[Black "Pap, Gyula"]
[Result "0-1"]
[WhiteElo "2473"]
[BlackElo "2429"]
[PlyCount "70"]
[EventDate "2023.06.20"]
[EventType "swiss (blitz)"]
[EventRounds "11"]
[EventCountry "USA"]
[SourceTitle "EXT 2024"]
[Source "ChessBase"]
[SourceDate "2023.10.10"]
[SourceVersion "1"]
[SourceVersionDate "2023.10.10"]
[SourceQuality "1"]

1. c4 e6 2. g3 d5 3. Bg2 Nf6 4. Nf3 Be7 5. 0-0 0-0 6. d4 Nbd7 7. Qc2 a5 8. Rd1 dxc4 9. Qxc4 b5 10. Qc2 Bb7 11. Nc3 b4 12. Na4 Qc8 13. Bg5 Be4 14. Qb3 Qb7 15. Rac1 Rfd8 16. Ne1 h6 17. Bxe4 Qxe4 18. Bxf6 Bxf6 19. Qf3 Qxf3 20. Nxf3 Nb6 21. Nxb6 cxb6 22. Rc6 Rab8 23. e3 Kf8 24. Nd2 e5 25. Ne4 exd4 26. Nxf6 dxe3 27. Rxd8+ Rxd8 28. fxe3 gxf6 29. b3 Kg7 30. Rxb6 Rd2 31. Ra6 Rxa2 32. e4 h5 33. Kh1 a4 34. bxa4 b3 35. Rb6 b2 0-1

[Event "Titled Tuesday intern op 20th Jun Early"]
[Site "Chess.com INT"]
[Date "2023.06.20"]
[Round "11"]
[White "Lazavik, Denis"]
[Black "Pap, Gyula"]
[Result "1-0"]
[WhiteElo "2553"]
[BlackElo "2429"]
[PlyCount "149"]
[EventDate "2023.06.20"]
[EventType "swiss (blitz)"]
[EventRounds "11"]
[EventCountry "USA"]
[SourceTitle "EXT 2024"]
[Source "ChessBase"]
[SourceDate "2023.10.10"]
[SourceVersion "1"]
[SourceVersionDate "2023.10.10"]
[SourceQuality "1"]

1. d4 d5 2. c4 e6 3. Nc3 Nf6 4. cxd5 exd5 5. Bg5 Bb4 6. e3 h6 7. Bh4 g5 8. Bg3 Ne4 9. a3 Bxc3+ 10. bxc3 Nc6 11. Bd3 Bf5 12. Ne2 Qd7 13. h3 Nxg3 14. Nxg3 Bxd3 15. Qxd3 Na5 16. 0-0 0-0-0 17. Rab1 Nc4 18. e4 c6 19. a4 h5 20. exd5 cxd5 21. Nf5 Kb8 22. Rb4 Rc8 23. Rfb1 Rc7 24. Ne3 Nxe3 25. Qxe3 f6 26. a5 Qd6 27. Rb5 Rhc8 28. R5b3 g4 29. h4 Ka8 30. Qd3 Qe6 31. g3 Qe4 32. Qb5 f5 33. R1b2 f4 34. Re2 Qf3 35. Re8 Qd1+ 36. Kg2 Qf3+ 37. Kg1 Qd1+ 38. Kh2 fxg3+ 39. fxg3 Qc2+ 40. Re2 Qf5 41. a6 b6 42. c4 Qd7 43. cxd5 Qxb5 44. Rxb5 Rd7 45. d6 Rxd6 46. Rxh5 Rxd4 47. Rg5 Ra4 48. h5 Rh8 49. Ree5 Rxa6 50. Rxg4 Ra2+ 51. Kh3 Rc2 52. Rg6 Kb7 53. h6 a5 54. Ree6 Rb2 55. g4 a4 56. Re7+ Ka6 57. g5 a3 58. Rgg7 a2 59. Ra7+ Kb5 60. Kg4 Kb4 61. Kh5 b5 62. Rgb7 Kc4 63. Rc7+ Kb3 64. h7 b4 65. g6 Rh2+ 66. Kg5 Kb2 67. Rcb7 b3 68. Rb6 Kc2 69. Rc7+ Kb2 70. Ra7 Kc2 71. Ra3 Rg2+ 72. Kh6 Rh2+ 73. Kg7 R2xh7+ 74. gxh7 Rxh7+ 75. Kxh7 1-0

[Event "Titled Tuesday intern op 20th Jun Early"]
[Site "Chess.com INT"]
[Date "2023.06.20"]
[Round "2"]
[White "Pap, Gyula"]
[Black "Lamaze, Simon"]
[Result "1-0"]
[WhiteElo "2429"]
[BlackElo "2377"]
[PlyCount "85"]
[EventDate "2023.06.20"]
[EventType "swiss (blitz)"]
[EventRounds "11"]
[EventCountry "USA"]
[SourceTitle "EXT 2024"]
[Source "ChessBase"]
[SourceDate "2023.10.10"]
[SourceVersion "1"]
[SourceVersionDate "2023.10.10"]
[SourceQuality "1"]

1. d4 Nf6 2. c4 g6 3. Nc3 Bg7 4. e4 d6 5. Be2 0-0 6. Bg5 c5 7. d5 h6 8. Be3 e6 9. dxe6 Bxe6 10. Qd2 Nc6 11. Bxh6 Nd4 12. Bxg7 Kxg7 13. Bd3 Re8 14. Nge2 Bg4 15. f3 Bxf3 16. Nxd4 cxd4 17. gxf3 dxc3 18. Qxc3 Rc8 19. 0-0-0 b5 20. Kb1 Kg8 21. Qd4 b4 22. Bc2 Re6 23. c5 Qc7 24. c6 Qxc6 25. Bb3 Re5 26. Qxd6 Qxd6 27. Rxd6 Kg7 28. Ra6 Rc7 29. Rc1 Rd7 30. Rc4 Rb7 31. Rd4 Rh5 32. Rd2 Rg5 33. Bc4 Nh5 34. b3 Nf4 35. Kb2 Rc7 36. Rad6 a5 37. Rd7 Rxd7 38. Rxd7 Rg2+ 39. Kb1 Kf6 40. h4 Ke5 41. Bxf7 Ne2 42. Rd2 Rg1+ 43. Kc2 1-0

[Event "Titled Tuesday intern op 20th Jun Early"]
[Site "Chess.com INT"]
[Date "2023.06.20"]
[Round "1"]
[White "Yeritsyan, Hayk"]
[Black "Pap, Gyula"]
[Result "0-1"]
[WhiteElo "2241"]
[BlackElo "2429"]
[PlyCount "136"]
[EventDate "2023.06.20"]
[EventType "swiss (blitz)"]
[EventRounds "11"]
[EventCountry "USA"]
[SourceTitle "EXT 2024"]
[Source "ChessBase"]
[SourceDate "2023.10.10"]
[SourceVersion "1"]
[SourceVersionDate "2023.10.10"]
[SourceQuality "1"]

1. d4 d5 2. Nf3 Nf6 3. Bf4 c5 4. c3 Qb6 5. Qb3 Nc6 6. e3 c4 7. Qc2 Bf5 8. Qc1 Nh5 9. Nbd2 Nxf4 10. exf4 Rc8 11. Be2 e6 12. 0-0 h6 13. Re1 Bd6 14. g3 Qc7 15. Bd1 Kf8 16. Bc2 Ne7 17. Ne5 b5 18. Nf1 g6 19. Ne3 h5 20. Nxf5 gxf5 21. h4 Ng8 22. Qd2 Nf6 23. a4 b4 24. cxb4 c3 25. bxc3 Qxc3 26. Qxc3 Rxc3 27. Rec1 Bxb4 28. Bd3 Kg7 29. Rab1 a5 30. Rxc3 Bxc3 31. Rb7 Rf8 32. Nf3 Ng4 33. Bb5 Kg6 34. Kf1 Rc8 35. Bd7 Rd8 36. Ke2 Bb4 37. Ng5 Nf6 38. Bb5 Rf8 39. Nf3 Ne4 40. Bd3 Nc3+ 41. Ke3 Nxa4 42. Ne5+ Kg7 43. f3 Nb2 44. Bb5 Bd6 45. Bd7 Bxe5 46. fxe5 Nc4+ 47. Kf4 Kg6 48. Bb5 Ra8 49. Ba4 Rc8 50. g4 hxg4 51. fxg4 fxg4 52. Kxg4 f5+ 53. exf6 Kxf6 54. Kf4 Rh8 55. Kg3 Nd6 56. Rb6 Nf5+ 57. Kf2 Rxh4 58. Bd7 Nxd4 59. Ra6 Rh7 60. Bc8 Rc7 61. Ra8 a4 62. Ba6 a3 63. Bd3 Rc3 64. Ke3 Ke5 65. Kd2 Rb3 66. Ra6 Rb2+ 67. Ke3 a2 68. Bf1 a1Q 0-1